<?xml version="1.0" encoding="UTF-8"?>
<record
    xmlns:xsi="http://www.w3.org/2001/XMLSchema-instance"
    xsi:schemaLocation="http://www.loc.gov/MARC21/slim http://www.loc.gov/standards/marcxml/schema/MARC21slim.xsd"
    xmlns="http://www.loc.gov/MARC21/slim">

  <leader>00602nam a22001937a 4500</leader>
  <datafield tag="999" ind1=" " ind2=" ">
    <subfield code="c">165614</subfield>
    <subfield code="d">165614</subfield>
  </datafield>
  <controlfield tag="005">20190625122200.0</controlfield>
  <datafield tag="010" ind1=" " ind2=" ">
    <subfield code="a">B-125742</subfield>
  </datafield>
  <datafield tag="020" ind1=" " ind2=" ">
    <subfield code="c">890.00</subfield>
    <subfield code="a">9788184621723</subfield>
  </datafield>
  <datafield tag="035" ind1=" " ind2=" ">
    <subfield code="a">EN-109274</subfield>
  </datafield>
  <datafield tag="037" ind1=" " ind2=" ">
    <subfield code="b">DBAD/PUB</subfield>
  </datafield>
  <datafield tag="082" ind1=" " ind2=" ">
    <subfield code="a">230</subfield>
  </datafield>
  <datafield tag="100" ind1=" " ind2=" ">
    <subfield code="a">Chandrika</subfield>
  </datafield>
  <datafield tag="245" ind1=" " ind2=" ">
    <subfield code="a">Hanuman Chalisa:</subfield>
    <subfield code="b">by Chandrika</subfield>
    <subfield code="c">a Bhakta's quest for the Divine/</subfield>
  </datafield>
  <datafield tag="260" ind1=" " ind2=" ">
    <subfield code="a">Mumbai</subfield>
    <subfield code="b">vakils, Feffer and Simons</subfield>
    <subfield code="c">2019</subfield>
  </datafield>
  <datafield tag="270" ind1=" " ind2=" ">
    <subfield code="a">industry manor, 2nd floor, A. Marathe Marg, Prabhadevi,</subfield>
    <subfield code="b">Mumbai</subfield>
    <subfield code="e">400025</subfield>
  </datafield>
  <datafield tag="300" ind1=" " ind2=" ">
    <subfield code="a">430p.</subfield>
    <subfield code="c">24cm(Hb)</subfield>
    <subfield code="b">ill.</subfield>
  </datafield>
  <datafield tag="500" ind1=" " ind2=" ">
    <subfield code="a">include bibliography </subfield>
  </datafield>
  <datafield tag="942" ind1=" " ind2=" ">
    <subfield code="2">ddc</subfield>
    <subfield code="c">EN</subfield>
    <subfield code="h">230</subfield>
    <subfield code="m">CHA</subfield>
  </datafield>
  <datafield tag="952" ind1=" " ind2=" ">
    <subfield code="0">0</subfield>
    <subfield code="1">0</subfield>
    <subfield code="4">0</subfield>
    <subfield code="7">0</subfield>
    <subfield code="8">NFIC</subfield>
    <subfield code="a">BN</subfield>
    <subfield code="b">BN</subfield>
    <subfield code="d">2019-06-25</subfield>
    <subfield code="e">DBAD/PUB</subfield>
    <subfield code="g">890.00</subfield>
    <subfield code="l">1</subfield>
    <subfield code="o">230 CHA</subfield>
    <subfield code="p">EN-109274</subfield>
    <subfield code="r">2026-06-15 12:28:50</subfield>
    <subfield code="s">2026-05-26</subfield>
    <subfield code="t">1</subfield>
    <subfield code="v">890.00</subfield>
    <subfield code="y">EN</subfield>
  </datafield>
</record>
